Cartoon Surnames Quiz Stats

 Plays Quiz Updated Sep 26, 2018

Score 0/20 Timer 05:00
2 Plays Today
First Name Surname % Correct
BarneyRubble
89.3%
ElmerFudd
78.3%
PatrickStar
67.8%
TommyPickles
58.1%
GlennQuagmire
52.4%
Philip J.Fry
36.9%
StanMarsh
31.8%
NelsonMuntz
31.3%
StanSmith
25%
HelgaPataki
20.8%
First Name Surname % Correct
LinusVan Pelt
20.3%
YakkoWarner
18.8%
DaleGribble
16.4%
FredJones
13.7%
ArthurRead
12%
Mr. Cosmo G.Spacely
11.5%
MontanaMax
10.7%
BorisBadenov
9.4%
RenHöek
6.3%
JosieMcCoy
1.8%

You're not logged in!

Compare scores with friends on all Sporcle quizzes.
OR
Log In

Sporcle TV

Today on Sporcle TV


Watch our educational content, quiz creation guides, and fun videos on Sporcle TV.

Show Comments

Extras

Top Quizzes Today


Score Distribution

Your Account Isn't Verified!

In order to create a playlist on Sporcle, you need to verify the email address you used during registration. Go to your Sporcle Settings to finish the process.

Report this User

Report this user for behavior that violates our Community Guidelines.

Details: